[Event "Tatran Cup"]
[Site "Stary Smokovec"]
[Date "1990.??.??"]
[Round "4"]
[White "Horvath, Jozsef"]
[Black "Knezevic, Milorad"]
[Result "1/2-1/2"]
[WhiteElo "2540"]
[BlackElo "2445"]
[PlyCount "69"]
[EventDate "1990.??.??"]
[Source "ChessBase"]

1. e4 e5 2. Nf3 Nc6 3. Bb5 Nf6 4. O-O Nxe4 5. d4 Be7 6. Qe2 Nd6 7. Bxc6 bxc6 8. dxe5 Nb7 9. Nc3 O-O 10. Re1 Nc5 11. Be3 Ne6 12. Rad1 d5 13. exd6 cxd6 14. Nd4 Nxd4 15. Bxd4 Be6 16. Qf3 Qd7 17. Qg3 f6 18. Bc5 Rfd8 19. h3 Bf7 20. Ne4 d5 21. Bxe7 Qxe7 22. Ng5 Qd7 23. Nxf7 Qxf7 24. Rd3 Re8 25. Rde3 Qd7 26. Kf1 c5 27. b3 a5 28. Rxe8+ Rxe8 29. Rxe8+ Qxe8 30. Qd6 Qb5+ 31. Kg1 d4 32. Qd5+ Kf8 33. Qd6+ Kf7 34. Qd5+ Kf8 35. Qd6+ 1/2-1/2

[Event "Lyon"]
[Site "?"]
[Date "1988.??.??"]
[Round "?"]
[White "van der Wiel, J."]
[Black "Sharif, Me"]
[Result "1/2-1/2"]
[WhiteElo "2540"]
[BlackElo "2445"]
[PlyCount "75"]
[EventDate "1988.??.??"]
[Source "ChessBase"]
[SourceDate "1988.07.01"]

1. e4 e5 2. Nf3 Nc6 3. Bb5 Nf6 4. O-O Nxe4 5. d4 Be7 6. Qe2 Nd6 7. Bxc6 bxc6 8. dxe5 Nb7 9. Nd4 O-O 10. Nd2 Re8 11. Re1 c5 12. Nf5 Bf8 13. Qg4 g6 14. Ng3 d5 15. Qf4 c4 16. Nf3 Nc5 17. b3 Ne6 18. Qd2 cxb3 19. axb3 c5 20. Qa5 Bb7 21. Qxd8 Rexd8 22. Bd2 a6 23. Ba5 Rd7 24. Rad1 Be7 25. Ne4 Kg7 26. Nf6 Bxf6 27. exf6+ Kxf6 28. Ne5 Re7 29. c4 d4 30. b4 h5 31. Nd3 cxb4 32. Nxb4 Rd7 33. Nd3 Kg7 34. Rb1 Bc8 35. c5 Rb7 36. Bb6 Bd7 37. Ne5 Bb5 38. Nf3 1/2-1/2

[Event "HUN-ch"]
[Site "HUN"]
[Date "1974.??.??"]
[Round "?"]
[White "Adorjan, Andras"]
[Black "Dely, Peter"]
[Result "1/2-1/2"]
[WhiteElo "2515"]
[BlackElo "2470"]
[PlyCount "22"]
[EventDate "1974.??.??"]
[Source "ChessBase"]

1. e4 e5 2. Nf3 Nc6 3. Bb5 Nf6 4. O-O Nxe4 5. d4 Be7 6. Qe2 d5 7. Nxe5 Bd7 8. Bxc6 Bxc6 9. Re1 Bd7 10. Nc3 Nxc3 11. bxc3 O-O 1/2-1/2

[Event "Majdanpek"]
[Site "Majdanpek"]
[Date "1976.??.??"]
[Round "1"]
[White "Velimirovic, Dragoljub"]
[Black "Knezevic, Milorad"]
[Result "1/2-1/2"]
[WhiteElo "2525"]
[BlackElo "2460"]
[PlyCount "83"]
[EventDate "1976.01.??"]
[Source "ChessBase"]

1. e4 e5 2. Nf3 Nc6 3. Bb5 Nf6 4. O-O Nxe4 5. d4 Be7 6. Qe2 Nd6 7. Bxc6 bxc6 8. dxe5 Nb7 9. Rd1 O-O 10. b3 Qe8 11. Bb2 Nc5 12. Nd4 f6 13. Re1 Ba6 14. Qg4 Qg6 15. Qxg6 hxg6 16. Nd2 fxe5 17. Rxe5 Bd6 18. Ree1 Rab8 19. N4f3 Bf4 20. Ba3 Bxd2 21. Nxd2 Ne6 22. Re4 c5 23. Rae1 Bb7 24. R4e3 Rf7 25. Ne4 Rf5 26. f3 a5 27. Rc3 Re5 28. Rce3 d6 29. Bb2 Nd4 30. Ng3 Rxe3 31. Rxe3 Kf7 32. c3 Nf5 33. Nxf5 gxf5 34. Kf2 a4 35. b4 a3 36. Bc1 Bd5 37. bxc5 Bxa2 38. c4 Bxc4 39. Bxa3 Re8 40. Rxe8 Kxe8 41. cxd6 cxd6 42. Ke3 1/2-1/2

[Event "Bundesliga 8990"]
[Site "Germany"]
[Date "1990.??.??"]
[Round "?"]
[White "Brunner, Lucas"]
[Black "Unzicker, Wolfgang"]
[Result "1-0"]
[WhiteElo "2505"]
[BlackElo "2475"]
[PlyCount "87"]
[EventDate "1989.10.??"]
[Source "ChessBase"]
[SourceDate "1999.07.01"]

1. e4 e5 2. Nf3 Nc6 3. Bb5 Nf6 4. O-O Nxe4 5. d4 Be7 6. Qe2 Nd6 7. Bxc6 bxc6 8. dxe5 Nb7 9. b3 O-O 10. Ba3 Bxa3 11. Nxa3 d5 12. exd6 cxd6 13. c4 Bg4 14. Qe4 Qd7 15. Nd4 Rac8 16. Nac2 Rfe8 17. Qf4 Bh5 18. Rfe1 Bg6 19. Qd2 Nc5 20. Re3 Ne4 21. Qe2 Nf6 22. Rd1 a6 23. Rxe8+ Rxe8 24. Ne3 Bh5 25. f3 d5 26. Ndc2 Bg6 27. Qf2 Bxc2 28. Nxc2 Qc7 29. cxd5 cxd5 30. Nd4 h6 31. Qd2 Qc5 32. Rc1 Qa3 33. Rc6 Nd7 34. Nf5 Ne5 35. Rc7 a5 36. h3 a4 37. Qxd5 Qxa2 38. Ne7+ Kh7 39. Qxe5 Qb1+ 40. Kh2 axb3 41. Rb7 b2 42. Qf5+ Qxf5 43. Nxf5 Re2 44. Nd6 1-0

[Event "Dortmund op-A"]
[Site "Dortmund"]
[Date "1992.??.??"]
[Round "4"]
[White "Lutz, Christopher"]
[Black "Keitlinghaus, Ludger"]
[Result "1/2-1/2"]
[WhiteElo "2540"]
[BlackElo "2440"]
[PlyCount "65"]
[EventDate "1992.04.??"]
[Source "ChessBase"]

1. e4 e5 2. Nf3 Nc6 3. Bb5 Nf6 4. O-O Nxe4 5. d4 Be7 6. Qe2 Nd6 7. Bxc6 bxc6 8. dxe5 Nf5 9. Qe4 g6 10. Nd4 Nxd4 11. Qxd4 d5 12. exd6 O-O 13. Bh6 Bf6 14. Qb4 Re8 15. dxc7 Qxc7 16. Nc3 Bf5 17. Rac1 Qb6 18. Qa3 Rab8 19. Na4 Qd4 20. Be3 Qh4 21. Bxa7 Rb7 22. Rfe1 Ra8 23. Bc5 Bxb2 24. Nxb2 Rxa3 25. Re8+ Kg7 26. Bf8+ Kf6 27. Bxa3 Qd4 28. Nd1 Bxc2 29. Ne3 Rb1 30. Rxb1 Bxb1 31. Be7+ Kg7 32. Bf8+ Kf6 33. Be7+ 1/2-1/2

[Event "Sarajevo"]
[Site "?"]
[Date "1980.03.18"]
[Round "3"]
[White "Marjanovic Slavoljub"]
[Black "Knezevic Milorad"]
[Result "1/2-1/2"]
[WhiteElo "2490"]
[BlackElo "2490"]
[PlyCount "44"]
[EventDate "1980.??.??"]
[Source "www.chesslib.no"]
[SourceDate "2004.05.04"]

1. e4 e5 2. Nf3 Nc6 3. Bb5 Nf6 4. O-O Nxe4 5. d4 Be7 6. Qe2 Nd6 7. Bxc6 bxc6 8. dxe5 Nb7 9. b3 O-O 10. Bb2 Re8 11. Nbd2 Bf8 12. Rfd1 Nc5 13. Nf1 a5 14. Qd2 d5 15. exd6 cxd6 16. Ng3 Ne4 17. Nxe4 Rxe4 18. h3 Bf5 19. Nd4 Bd7 20. c4 a4 21. Ne2 axb3 22. axb3 Rxa1 1/2-1/2

[Event "Uzes"]
[Site "?"]
[Date "1991.??.??"]
[Round "?"]
[White "Kosten, A."]
[Black "Pein, M."]
[Result "1-0"]
[WhiteElo "2535"]
[BlackElo "2440"]
[PlyCount "53"]
[EventDate "1991.??.??"]
[Source "ChessBase"]
[SourceDate "1991.10.01"]

1. e4 e5 2. Nf3 Nc6 3. Bb5 Nf6 4. O-O Nxe4 5. d4 Be7 6. Qe2 Nd6 7. Bxc6 bxc6 8. dxe5 Nb7 9. b3 O-O 10. Ba3 d6 11. Nc3 a5 12. Rad1 Bg4 13. h3 Bh5 14. g4 Bg6 15. Nd4 Qd7 16. Qf3 Nd8 17. Nf5 Bxf5 18. gxf5 Re8 19. f6 gxf6 20. exf6 Bf8 21. Kh1 Kh8 22. Rg1 Ne6 23. Bc1 d5 24. Rd4 Ba3 25. Rh4 Bxc1 26. Qh5 Nf8 27. Rg7 1-0

[Event "POL-ch 57th"]
[Site "Plock"]
[Date "2000.05.09"]
[Round "12"]
[White "Kuczynski, Robert"]
[Black "Grabarczyk, Miroslaw"]
[Result "1-0"]
[WhiteElo "2451"]
[BlackElo "2522"]
[PlyCount "81"]
[EventDate "2000.04.28"]
[Source "ChessBase"]
[SourceDate "2000.10.18"]

1. e4 e5 2. Nf3 Nc6 3. Bb5 Nf6 4. O-O Nxe4 5. d4 Be7 6. Qe2 Nd6 7. Bxc6 bxc6 8. dxe5 Nb7 9. Nc3 O-O 10. Re1 Re8 11. Qc4 Nc5 12. Ng5 Bxg5 13. Bxg5 Qxg5 14. Qxc5 Bb7 15. Qb4 Rab8 16. Ne4 Qg6 17. Nc5 Ba8 18. Qc3 d6 19. Na6 c5 20. f3 Rbc8 21. Nxc7 Red8 22. Nxa8 Rxa8 23. Rad1 dxe5 24. Qxc5 Rdc8 25. Qxe5 Qxc2 26. Rd7 Rf8 27. a3 a5 28. h4 Rab8 29. Rxf7 Qg6 30. Rxf8+ Rxf8 31. Qxa5 h6 32. Qe5 Qb6+ 33. Kh2 Qf2 34. Kh3 Rf6 35. Re2 Qf1 36. Kh2 Rf8 37. Rc2 Rf6 38. h5 Qa6 39. Rc7 Qa4 40. Rc8+ Kh7 41. Qe4+ 1-0

[Event "Versailles"]
[Site "Versailles"]
[Date "1995.??.??"]
[Round "5"]
[White "Korneev, Oleg"]
[Black "Marciano, David"]
[Result "1/2-1/2"]
[WhiteElo "2540"]
[BlackElo "2430"]
[PlyCount "108"]
[EventDate "1995.??.??"]
[Source "www.chesslib.no"]
[SourceDate "2004.05.04"]

1. e4 e5 2. Nf3 Nc6 3. Bb5 Nf6 4. O-O Nxe4 5. d4 Be7 6. Qe2 Nd6 7. Bxc6 bxc6 8. dxe5 Nb7 9. Nc3 O-O 10. Rd1 Qe8 11. Bg5 Nc5 12. Ne4 Nxe4 13. Qxe4 d5 14. exd6 Bxd6 15. Qh4 f6 16. Be3 Qf7 17. b3 Re8 18. Nd2 Bf5 19. Nc4 Bxc2 20. Rxd6 Re4 21. Qg3 cxd6 22. Nxd6 Qg6 23. Nxe4 Bxe4 24. Rc1 Qxg3 25. hxg3 Bd5 26. Rd1 a5 27. Rd4 a4 28. bxa4 Bxa2 29. Bd2 c5 30. Rf4 Bb3 31. a5 Rd8 32. Bc3 Rd3 33. Rf3 Rxf3 34. gxf3 Bd5 35. f4 Kf7 36. Kf1 g5 37. Bd2 Kg6 38. Ke2 h5 39. fxg5 fxg5 40. Be3 c4 41. Bb6 h4 42. gxh4 gxh4 43. Ke3 h3 44. Bc7 Kf5 45. Kd4 Ba8 46. Bh2 Bd5 47. a6 Ke6 48. a7 c3 49. Kxc3 Bf3 50. Kd4 Kd7 51. Ke3 Bc6 52. Kd4 Bf3 53. Kc5 Kc8 54. Kb6 Kd7 1/2-1/2

[Event "Pan American 1st"]
[Site "Winnipeg CAN"]
[Date "1974.??.??"]
[Round "?"]
[White "Browne, Walter S"]
[Black "Donoso Velasco, Pedro H"]
[Result "1-0"]
[WhiteElo "2575"]
[BlackElo "2395"]
[PlyCount "47"]
[EventDate "1974.08.??"]
[Source "www.chesslib.no"]
[SourceDate "2004.05.04"]

1. e4 e5 2. Nf3 Nc6 3. Bb5 Nf6 4. O-O Nxe4 5. d4 Be7 6. Qe2 Nd6 7. Bxc6 bxc6 8. dxe5 Nb7 9. Nd4 O-O 10. Rd1 Bc5 11. Bf4 Qe8 12. Nc3 Bxd4 13. Rxd4 Nc5 14. Bg3 Rb8 15. b3 a5 16. Qd2 Ba6 17. Na4 Nxa4 18. Rxa4 Qe6 19. Rxa5 Bb7 20. Rd1 Rfd8 21. Bh4 f6 22. exf6 gxf6 23. Re1 Qf7 24. Rf5 1-0

[Event "Gausdal Int"]
[Site "Gausdal NOR"]
[Date "1990.??.??"]
[Round "1"]
[White "Djurhuus, Rune"]
[Black "Vladimirov, Evgeny Y"]
[Result "1/2-1/2"]
[WhiteElo "2405"]
[BlackElo "2565"]
[PlyCount "182"]
[EventDate "1990.08.??"]
[Source "www.chesslib.no"]
[SourceDate "2004.05.04"]

1. e4 e5 2. Nf3 Nc6 3. Bb5 Nf6 4. O-O Nxe4 5. d4 Be7 6. dxe5 O-O 7. Re1 d5 8. exd6 Bxd6 9. Nbd2 Nxd2 10. Bxd2 Qf6 11. Bc3 Qh6 12. h3 Bf5 13. Bxc6 bxc6 14. Nd4 Bd7 15. Qf3 Qg6 16. Qe4 Rfe8 17. Qxg6 hxg6 18. Rxe8+ Rxe8 19. Re1 Rb8 20. a3 f6 21. Nb3 Rb5 22. Na5 Kf7 23. Re2 g5 24. Nc4 Be7 25. Rd2 Be6 26. Na5 Rb6 27. Bd4 c5 28. Bc3 Bd6 29. Rd1 a6 30. Re1 Be7 31. Rd1 Ke8 32. Rd2 Rd6 33. Nb7 Rb6 34. Na5 Rd6 35. Nb7 Rxd2 36. Bxd2 Kd7 37. Na5 c4 38. Kf1 Bf5 39. Nxc4 Bxc2 40. Ke2 Kc6 41. Bc3 Bg6 42. Nd2 Kb5 43. Nb3 Bf7 44. Nd2 Bg6 45. Nf1 Bf7 46. Nd2 Bc5 47. f3 Bc4+ 48. Ke1 Bd3 49. Nb3 Be7 50. Nd4+ Kb6 51. Ne6 g6 52. Nd4 Bc4 53. Nc2 Be6 54. Ne3 Kb5 55. Kd2 Ka4 56. Kc2 f5 57. Nf1 Bd5 58. Nd2 g4 59. hxg4 fxg4 60. Kd3 Be6 61. Be5 c6 62. Ne4 gxf3 63. gxf3 Kb5 64. Nc3+ Kb6 65. b4 a5 66. Bd4+ Ka6 67. Bc5 Bf6 68. Ne4 Bd8 69. Nd6 Bh4 70. f4 Be1 71. Ke4 Bh3 72. bxa5 Kxa5 73. f5 gxf5+ 74. Nxf5 Kb5 75. Be7 c5 76. Nd6+ Kc6 77. Bf8 Bf1 78. a4 Bb4 79. Nf5 Bg2+ 80. Ke3 Kd5 81. Kf2 Be4 82. Nd6 Bc2 83. Nb7 Bxa4 84. Bxc5 Bxc5+ 85. Nxc5 Kxc5 86. Ke3 Bc6 87. Kf4 Kd4 88. Kg5 Ke5 89. Kh6 Kf6 90. Kh7 Bd5 91. Kh8 Kg6 1/2-1/2

[Event "56th ch-RUS"]
[Site "Krasnoyarsk"]
[Date "2003.09.10"]
[Round "7"]
[White "Yandarbiev, Ruslan"]
[Black "Bezgodov, Alexei"]
[Result "0-1"]
[WhiteElo "2424"]
[BlackElo "2542"]
[PlyCount "129"]
[EventDate "2003.09.03"]
[Source "Roberto Alvarez"]
[SourceDate "2003.09.15"]

1. e4 e5 2. Nf3 Nc6 3. Bb5 Nf6 4. O-O Nxe4 5. d4 Be7 6. Qe2 Nd6 7. Bxc6 bxc6 8. dxe5 Nb7 9. Nd4 O-O 10. Nc3 Bc5 11. Qd3 Bxd4 12. Qxd4 d6 13. exd6 cxd6 14. b3 Be6 15. Bb2 f6 16. Rfe1 Qd7 17. Rad1 Bf5 18. Ne4 Rae8 19. Ng3 Bg6 20. c4 c5 21. Qd5+ Bf7 22. Qf5 Qxf5 23. Nxf5 Rxe1+ 24. Rxe1 Re8 25. Ne3 d5 26. cxd5 Bxd5 27. Rc1 Be6 28. Kf1 a5 29. Nc4 a4 30. bxa4 Ra8 31. a3 Rxa4 32. Nd2 Kf7 33. Ke2 Ke7 34. Rc3 Bd5 35. Re3+ Kf7 36. f3 Nd6 37. Kd3 h5 38. Re1 h4 39. Rc1 Ra5 40. Ne4 Bxe4+ 41. fxe4 Ke6 42. Re1 c4+ 43. Kd4 Rg5 44. Re2 Rh5 45. Bc1 Ra5 46. Re3 Ra4 47. h3 Kd7 48. Kc5 Ra5+ 49. Kd4 Kc6 50. Bd2 Rg5 51. Bb4 Rxg2 52. Bxd6 Kxd6 53. Kxc4 Ke5 54. a4 Kf4 55. Ra3 Rg3 56. Ra1 Rxh3 57. a5 Re3 58. Kd5 h3 59. a6 h2 60. a7 Rd3+ 61. Ke6 Rd8 62. Rh1 Kg3 63. Rb1 Ra8 64. Rb3+ Kg4 65. Rb8 0-1

[Event "Reykjavik"]
[Site "Reykjavik"]
[Date "1984.??.??"]
[Round "?"]
[White "De Firmian, Nick E"]
[Black "Knezevic, Milorad"]
[Result "1-0"]
[WhiteElo "2515"]
[BlackElo "2450"]
[PlyCount "64"]
[EventDate "1984.01.??"]
[Source "ChessBase"]

1. e4 e5 2. Nf3 Nc6 3. Bb5 Nf6 4. O-O Nxe4 5. d4 Be7 6. Qe2 Nd6 7. Bxc6 bxc6 8. dxe5 Nb7 9. Bf4 O-O 10. Nc3 Nc5 11. Ne4 Ne6 12. Bg3 f5 13. exf6 Bxf6 14. c3 Be7 15. Rad1 d6 16. Rfe1 Bd7 17. Qe3 Re8 18. c4 Nf8 19. h3 Qb8 20. b3 Qb7 21. Nc5 Qc8 22. Nxd7 Qxd7 23. Ne5 Qf5 24. Nxc6 Bf6 25. Qd2 Qc5 26. Nb4 Nd7 27. Nd5 a5 28. Bf4 a4 29. Be3 Qc6 30. Bd4 Be5 31. Bxe5 Nxe5 32. f4 Ng6 1-0